Psicopatología y semiología psiquiátrica

Spremljeno u:
Bibliografski detalji
Glavni autor: Capponi M., Ricardo (Autor)
Format: Knjiga
Jezik:španjolski
Izdano: Santiago Universitaria 1995
Izdanje:3a. ed
Serija:Colección El Mundo de las Ciencias
Teme:
Oznake: Dodaj oznaku
Bez oznaka, Budi prvi tko označuje ovaj zapis!

MARC

LEADER 00000nam a2200000 a 4500
001 UCZ5924
003 CL-VaPUC
005 20230808102620.0
008 951130e19950000CL |||||||||||||||||spa|d
999 |c 242199  |d 242197 
040 |c Pontificia Universidad Católica de Valparaíso 
082 0 4 |a 616.8  |b CAP  |2 21 
100 0 |a Capponi M., Ricardo  |e author  |9 350122 
245 1 0 |a Psicopatología y semiología psiquiátrica 
250 |a 3a. ed 
260 |a Santiago  |b Universitaria  |c 1995 
300 |a 320 p 
490 0 |a Colección El Mundo de las Ciencias 
583 |a last modification  |c 19951130 00:00:00  |k Rodrigo Vera 
650 0 |a Psicopatología   |9 307473 
650 0 |a Psiquiatría  |9 308427  |x Semiología 
942 |c BK  |2 ddc 
945 |d 19951130 00:00:00  |a rleighto 
952 |0 0  |1 0  |4 0  |6 616_800000000000000_CAP_1995  |7 0  |8 R  |9 254984  |a BIBEDU  |b BIBEDU  |c MCIRC  |d 2019-11-19  |i 3154378  |l 7  |m 1  |o 616.8 CAP 1995  |p 3154378  |r 2023-06-30  |s 2023-06-27  |w 2019-11-19  |y BK_R  |k PSI